Christmas by Picture - Statistics

General Stats
  • This quiz has been taken 28,202 times
  • The average score is 13 of 16
Answer Stats
Picture Hint Answer % Correct
food Gingerbread Man
98%
food Candy Cane
94%
beloved holiday character Rudolph
93%
object Stocking
91%
activity Caroling
90%
beverage Eggnog
90%
mode of travel Sleigh
87%
object Nutcracker
86%
gift-giving saint Saint {Nicholas}
84%
plant Mistletoe
78%
type of art {Nativity} Scene
77%
food Chestnuts
75%
plant Holly
68%
movie It's a Wonderful Life
57%
plant Poinsettia
55%
feared holiday character Krampus
45%
No matching quizzes found
Score Distribution
Percent of People with Each Score
Percentile by Number Answered
Your Score History
You have not taken this quiz